LEADER 01656nam a2200325 i 4500 001 000000192816 003 CaOOAMICUS 005 20101006000000.0 008 101006s1966 it u000 u ita u 013 $a171450 020 $a88-215-3232-1 040 $aSeMil$bita 240 00$aTeresa di Lisieux :.$0(OLS)http://semarc/title/277951 245 10$aTeresa di Lisieux :$bvita, dottrina, ambiente /$ca cura di Conrad De Meester ; prefazione Danneels ; conclusione Ballestrero ; fotografie Girolamo Salvatico. 260 $aArenzano (Genova) :$bIl Messaggero del S. Bambino Gesł di Praga,$c1966. 260 $aCinisello Balsamo :$bSan Paolo,$c1966. 300 $a290 p. :$bill. ;$c31 cm. 500 $aTrad. di Silvano Giordano. 600 04$aTeresa : del Bambino Gesł .$0(OLS)http://semarc/subject/1572 700 1 $aDe Meester, Conrad.$0(OLS)http://semarc/name/70258 700 1 $aSalvatico, Girolamo.$0(OLS)http://semarc/name/48148 700 1 $aBallestrero, Anastasio Alberto$b.$0(OLS)http://semarc/name/980 700 1 $aDanneels, Godfried,$c.$0(OLS)http://semarc/name/20644 850 $aSeMil 852 $aSeMil$W1$xVenegono$y1$m3H VI 37$j143391$B143391$CSeMilBibl$Z2$F154999 $81 961 $aOmaggio: Altro 996 $6020$a88-215-3232-1$9(OLS)http://semarc/number/184128 996 $6245$aTeresa di Lisieux :$bvita, dottrina, ambiente$9(OLS)http://semarc/title/277952 996 $6260$aCinisello Balsamo :$bSan Paolo$9(OLS)http://semarc/publisher/30129 996 $6260$aArenzano (Genova) :$bIl Messaggero del S. Bambino Gesł di Praga$9(OLS)http://semarc/publisher/39957 LEADER 01354nam a2200325 i 4500 001 000000115044 003 CaOOAMICUS 005 20030509000000.0 008 030509s1998 it u000 u ita u 013 $a87732 020 $a88-7357-177-8 040 $aSeMil$bita 100 1 $aFischer, Georg,$c.$0(OLS)http://semarc/name/90482 240 10$aAuf dein Wort hin.$0(OLS)http://semarc/title/168361 245 10$aSulla tua Parola :$bvocazione e sequela nella Bibbia /$cGeorg Fischer, Martin Hasitschka. 260 $aRoma :$bAdP,$c1998. 300 $a158 p. ;$c21 cm. 490 0 $aBibbia e preghiera ;$v32 500 $aFondo Card. C.M. Martini. 650 4$aBibbia - Vocazione.$0(OLS)http://semarc/subject/18054 650 4$aBibbia - Sequela.$0(OLS)http://semarc/subject/21014 700 1 $aHasitschka, Martin .$0(OLS)http://semarc/name/48075 830 0$aBibbia e preghiera ;$v32.$0(OLS)http://semarc/title/10788 850 $aSeMil 852 $aSeMil$W1$xVenegono$y1$m3F I 252$j70582$B70582$CSeMilBibl$Z2$F95071 $81 941 1 $a4 961 $aOmaggio: Martini Card. Carlo Maria 996 $6020$a88-7357-177-8$9(OLS)http://semarc/number/98643 996 $6245$aSulla tua Parola :$bvocazione e sequela nella Bibbia$9(OLS)http://semarc/title/168360 996 $6260$aRoma :$bAdP$9(OLS)http://semarc/publisher/32136